IFM Opac

Seasonal Influences in solvent industry (Record no. 14041)

MARC details
000 -LEADER
fixed length control field 00338nam a22001337a 4500
020 ## - INTERNATIONAL STANDARD BOOK NUMBER
International Standard Book Number 0192149865
082 ## - DEWEY DECIMAL CLASSIFICATION NUMBER
Classification number 338.0947 HUT
100 ## - MAIN ENTRY--PERSONAL NAME
Personal name Hutchings, Raymond
245 ## - TITLE STATEMENT
Title Seasonal Influences in solvent industry
260 ## - PUBLICATION, DISTRIBUTION, ETC.
Place of publication, distribution, etc. London
Name of publisher, distributor, etc. Oxford university
Date of publication, distribution, etc. 1971
300 ## - PHYSICAL DESCRIPTION
Extent xiii,321p.
Other physical details ill, 24cm.
500 ## - GENERAL NOTE
General note Include index
942 ## - ADDED ENTRY ELEMENTS (KOHA)
Koha item type Books
Holdings
Withdrawn status Lost status Source of classification or shelving scheme Damaged status Not for loan Home library Current library Shelving location Date acquired Full call number Barcode Date last seen Price effective from Koha item type
    Dewey Decimal Classification     IFM Main Campus Library IFM Main Campus Library   11/14/2015 338.0947 HUT 0000005771 11/14/2015 11/14/2015 Books